000 01147nam a22002417a 4500
999 _c21925
_d21925
003 AR-CdUCM
008 190220b ||||| |||| 00| 0 spa d
040 _aMUNICIPALIDAD PROVINCIAL DEL CUSCO
_cBIBLIOTECA MUNICIPAL DEL CUSCO
082 _a985.338/S23
_bS23
245 _aLibro de oro de Pamparaqay :
_bImagen e historia de San Antonio Grau Apurímac /
_cRodolfo Sánchez Castañeda, Rodolfo Sánchez Garrafa, Federico Moreyra Jara, Ramiro Moreyra Portilla, editores
260 _aCusco :
_bImprenta Yáñez,
_c1999.
300 _a390 páginas. :
_bilustraciones ;
_c23 cm.
505 _aContenido: Geografía y Sociedad. -- estructuras simbólicas. -- Historia y tradición. -- Arte y Cultura. -- Trabajo y desarrollo. -- Familias y personajes. -- San Antonio sin fronteras. -- Antología poética.
650 _aHistoria popular
_92638
650 _aHistoria de Apurímac
_96811
650 _aSiglo XX
_946868
700 _aSánchez Castañeda, Rodolfo
_946869
700 _aSánchez Garrafa, Rodolfo
_92179
700 _aMoreyra Jara, Federico
_946870
700 _aMoreyra Portilla, Ramiro
_946871
942 _2ddc
_cLIBROS
945 _aRoel